Руководство по патологии и терапии внутренних болезней. Т. 1, ч. 2: Болезни органов пищеварения и обмена веществ (Запись № 13576645)

Подробности
000 -МАРКЕР
контрольное поле 01463nam2a2200277 4500
001 - ИДЕНТИФИКАТОР ЗАПИСИ
контрольное поле rc\2852407
005 - ИДЕНТИФИКАТОР ВЕРСИИ
контрольное поле 20260315050252.0
035 ## - ДРУГИЕ СИСТЕМНЫЕ НОМЕРА
Идентификатор записи (NLR Aleph) 007007193
100 ## - ДАННЫЕ ОБЩЕЙ ОБРАБОТКИ
Данные общей обработки 20110705d1929 u y0rusy50 ca
101 1# - ЯЗЫК РЕСУРСА
Язык текста, звукозаписи и т.д. русский
Язык оригинала французский
102 ## - СТРАНА ПУБЛИКАЦИИ ИЛИ ПРОИЗВОДСТВА
Страна публикации Российская Федерация
105 ## - ПОЛЕ КОДИРОВАННЫХ ДАННЫХ: ТЕКСТОВЫЕ МАТЕРИАЛЫ, МОНОГРАФИЧЕСКИЕ
Кодированные данные о монографическом текстовом документе y z |||||
200 1# - ЗАГЛАВИЕ И СВЕДЕНИЯ ОБ ОТВЕТСТВЕННОСТИ
Основное заглавие Болезни органов пищеварения и обмена веществ
Первые сведения об ответственности Пер. П.М. Альперина, Э.А. Вассерберга и И.Д. Кончаловского
210 ## - ПУБЛИКАЦИЯ, РАСПРОСТРАНЕНИЕ И ДР.
Дата издания, распространения и т.д. 1929
461 #0 - УРОВЕНЬ НАБОРА
Встроенное поле 001rc\2852405
-- 2001#$aРуководство по патологии и терапии внутренних болезней$eТ. 1-$fФ. Безансон, М. Лаббэ, Л. Бернар, Ж.А. Сикар$gПод общ. ред. проф. М.П. Кончаловского$vТ. 1, ч. 2
Системный номер (АБИС) связанной записи 5778381
Место публикации Москва
Дата публикации 1929
Издание Пер. со 2-го фр. изд.
Первые сведения об ответственности Ф. Безансон, М. Лаббэ, Л. Бернар, Ж.А. Сикар
Имя издателя, распространителя и т.д. Огиз - гос. мед. изд.
Сведения, относящиеся к заглавию Т. 1-
Заглавие Руководство по патологии и терапии внутренних болезней
Номер тома Т. 1, ч. 2
700 #1 - ИМЯ ЛИЦА - ПЕРВИЧНАЯ ОТВЕТСТВЕННОСТЬ
Начальный элемент ввода Лаббэ
Часть имени, кроме начального элемента ввода М.
701 #1 - ИМЯ ЛИЦА - АЛЬТЕРНАТИВНАЯ ОТВЕТСТВЕННОСТЬ
Начальный элемент ввода Витри
Часть имени, кроме начального элемента ввода Г.
702 #1 - ИМЯ ЛИЦА - ВТОРИЧНАЯ ОТВЕТСТВЕННОСТЬ
Начальный элемент ввода Альперин
Часть имени, кроме начального элемента ввода П.М.
Код отношения Переводчик
702 #1 - ИМЯ ЛИЦА - ВТОРИЧНАЯ ОТВЕТСТВЕННОСТЬ
Начальный элемент ввода Вассерберг
Часть имени, кроме начального элемента ввода Э.А.
Код отношения Переводчик
702 #1 - ИМЯ ЛИЦА - ВТОРИЧНАЯ ОТВЕТСТВЕННОСТЬ
Начальный элемент ввода Кончаловский
Часть имени, кроме начального элемента ввода И.Д.
Код отношения Переводчик
801 #0 - ИСТОЧНИК ЗАПИСИ
Страна Российская Федерация
Организация NLR
Правила каталогизации psbo
801 #1 - ИСТОЧНИК ЗАПИСИ
Страна Российская Федерация
Организация ELAR
Источник данных rusmarc
852 ## - МЕСТОНАХОЖДЕНИЕ И ШИФР ХРАНЕНИЯ
Идентификатор организации NLR
Шифр хранения (Call Number) 31-17/426
942 ## - ДОПОЛНИТЕЛЬНЫЕ ЭЛЕМЕНТЫ ЗАПИСИ (АБИС)
Тип экземпляра АБИС Неопределено
980 ## - КОЛЛЕКЦИЯ
Название коллекции Национальная библиография

Нет доступных экземпляров.